000 00739nam a2200229 a 4500
001 16244
003 CO-ViMGA
008 141112s2004 ck r 000 u spa d
020 _a9580464768
040 _aCO-ViMGA
_bspa
_cCO-ViMGA
082 0 4 _a320.986 P151c
100 1 _aPalacio, Marco
_923233
245 1 0 _aLa clase más ruidosa y otros ensayos sobre política e historia
260 _aBogotá :
_bNorma,
_c2002
300 _a256.p.
490 _aColección vitral
590 _aForma de adquisición : Premio - Mincultura
650 1 4 _aCLASE DIRIGENTE - HISTORIA
_923234
650 1 4 _aCOLOMBIA - HISTORIA - ENSAYOS, CONFERENCIAS, ETC
_923235
650 1 4 _aCOLOMBIA - Política - ENSAYOS, CONFERENCIAS, ETC
_923236
942 _2ddc
_cBK
999 _c1726
_d1726